El rey Lear

Guardat en:
Dades bibliogràfiques
Autor principal: Shakespeare, William (Autor)
Format: Llibre
Idioma:espanyol
Publicat: Buenos Aires Emece Editores 1949
Col·lecció:Biblioteca Emece de Obras Universales
Matèries:
Etiquetes: Afegir etiqueta
Sense etiquetes, Sigues el primer a etiquetar aquest registre!

MARC

LEADER 00000nam a2200000 a 4500
001 UCV7929
003 CL-VaPUC
008 900309e19490000AG |||||||||||||||||spa|d
082 0 4 |a 822.33  |b SHA  |2 21 
100 |a Shakespeare, William  |e author  |9 265757 
245 1 3 |a El rey Lear 
246 1 0 |a Penas por amor perdidas 
246 1 4 |a Los dos hidalgos de Verona 
246 1 0 |a Sueño de una noche de verano 
246 1 0 |a Romeo y Julieta 
300 |a 187 p 
942 |c BK 
945 |d 19900309 00:00:00 
260 |a Buenos Aires  |b Emece Editores  |c 1949 
650 0 |a Teatro inglés  |9 265744 
583 |a last modification  |c 19900309 00:00:00  |k Rodrigo Vera 
490 0 |a Biblioteca Emece de Obras Universales 
999 |c 213530  |d 213528 
952 |0 0  |1 0  |4 0  |6 822_330000000000000_SHA_1949  |7 0  |8 P  |9 195999  |a BIBARQ  |b BIBARQ  |d 2019-11-14  |i 2639610  |o 822.33 SHA 1949  |p 2639610  |r 2025-01-20  |w 2019-11-14  |y BK  |k ARQ